000 00224nam a22000857a 4500
008 160629b xxu||||| |||| 00| 0 eng d
100 _91394
_a Baweja, G
245 _aYou Can Cook Too!
260 _aNew Delhi
_bArya Publication
_c1993
999 _c1153
_d1153